| 000 | 01058nam a22003017a 4500 | ||
|---|---|---|---|
| 001 | BR6800100 | ||
| 003 | BR-BrBNA | ||
| 005 | 20230928083507.0 | ||
| 007 | ta | ||
| 008 | 230509b bl.||||| |||| 00| 0 por d | ||
| 040 |
_aBR-BrBNA _bpor _cBiblioteca Nacional de Agricultura |
||
| 041 | _a(Por) | ||
| 072 |
_aH20 _b1410 _b/G514 |
||
| 090 | _ 1410 BR6800100 | ||
| 100 | 1 | _aJunqueira Netto, A. | |
| 110 | 1 |
_aUniversidade Federal de Vicosa, MG (Brasil) _0Tese (Magister Scientiae) |
|
| 245 | 1 | _aIdentificacao de racas fisiologicas de Uromyces phaseoli var. phaseoli em Minas Gerais e a reacao de variedades de Phaseolus vulgaris a suas racas [Fungo; Ferrugem; Feijao; Brasil] | |
| 260 | 3 |
_aVicosa, MG (Brasil): _c1968. |
|
| 300 | _a55 p. | ||
| 500 | _a16 tables; 27 ref.; Summary (Por). (*) Documento disponível na(o) Universidade Federal de Vicosa, MG (Brazil) | ||
| 650 | _aDoenca de planta | ||
| 650 | _aFeijao | ||
| 650 | _aFungo | ||
| 650 | _aFerrugem | ||
| 650 | _aRaca fisiologica | ||
| 909 |
_a202309 _bLucia _c55 _dLucia Elande |
||
| 942 | _cBK | ||
| 999 |
_c13792 _d13792 |
||